The complete illustrated novels of Jane Austen / (Record no. 173190)

000 -LEADER
fixed length control field 01031cam a2200313 a 4500
001 - CONTROL NUMBER
control field 12491384
003 - CONTROL NUMBER IDENTIFIER
control field Nust
005 - DATE AND TIME OF LATEST TRANSACTION
control field 20180716043600.0
008 - FIXED-LENGTH DATA ELEMENTS--GENERAL INFORMATION
fixed length control field 891024s1996 enka 00011 eng d
010 ## - LIBRARY OF CONGRESS CONTROL NUMBER
LC control number 2001411738
020 ## - INTERNATIONAL STANDARD BOOK NUMBER
International Standard Book Number 9781851520503
Terms of availability Rs. 860
035 ## - SYSTEM CONTROL NUMBER
System control number (CStRLIN)NJRG89-B30173
038 ## - RECORD CONTENT LICENSOR
Staff Name Arshad
040 ## - CATALOGING SOURCE
Original cataloging agency NjR
Transcribing agency NjR
Modifying agency DLC
050 00 - LIBRARY OF CONGRESS CALL NUMBER
Classification number PR4030
Item number 1996
082 00 - DEWEY DECIMAL CLASSIFICATION NUMBER
Classification number 823.7
Author Mark AUS
100 1# - MAIN ENTRY--PERSONAL NAME
Personal name Austen, Jane,
Dates associated with a name 1775-1817.
9 (RLIN) 3693
240 10 - UNIFORM TITLE
Uniform title Novels
245 14 - TITLE STATEMENT
Title The complete illustrated novels of Jane Austen /
Statement of responsibility, etc. illustrated by Hugh Thomson.
260 ## - PUBLICATION, DISTRIBUTION, ETC.
Place of publication, distribution, etc. London :
Name of publisher, distributor, etc. Chancellor,
Date of publication, distribution, etc. 1996
300 ## - PHYSICAL DESCRIPTION
Extent v. <2 > :
Other physical details ill. ;
Dimensions 22 cm.
505 1# - FORMATTED CONTENTS NOTE
Formatted contents note v. 2. Sense and sensibility -- Emma -- Northanger Abbey
650 #0 - SUBJECT ADDED ENTRY--TOPICAL TERM
Topical term or geographic name entry element Romance fiction, English.
9 (RLIN) 11643
650 #0 - SUBJECT ADDED ENTRY--TOPICAL TERM
Topical term or geographic name entry element Young women
Form subdivision Fiction.
9 (RLIN) 3694
651 #0 - SUBJECT ADDED ENTRY--GEOGRAPHIC NAME
Geographic name England
General subdivision Social life and customs
Form subdivision Fiction.
9 (RLIN) 11644
906 ## - LOCAL DATA ELEMENT F, LDF (RLIN)
a 7
b cbc
c origres
d 3
e ncip
f 20
g y-gencatlg
942 ## - ADDED ENTRY ELEMENTS (KOHA)
Source of classification or shelving scheme
Koha item type Book
Holdings
Withdrawn status Lost status Source of classification or shelving scheme Damaged status Not for loan Collection code Permanent Location Current Location Shelving location Date acquired Total Checkouts Total Renewals Full call number Barcode Date last seen Date last checked out Copy number Price effective from Koha item type
            Central Library (CL) Central Library (CL) Fiction 01/19/2017 4 4 823.7 AUS CL784 09/25/2025 11/21/2024 1 01/19/2017 Book
© 2023 Central Library, National University of Sciences and Technology. All Rights Reserved.